Trendy v technologických otázkách získavání stopových a vzácných prvků Materiály 31

Guardado en:
Detalles Bibliográficos
Formato: Libro
Lenguaje:checo
Publicado: Praha Ústředí vědeckých, technických a ekonomických informací 1989
Edición:1. vyd.
Etiquetas: Agregar Etiqueta
Sin Etiquetas, Sea el primero en etiquetar este registro!

MARC

LEADER 00000nam a2200000 4500
001 c034346
005 20251204112708.4
041 0 |a cze 
044 |a CZ 
245 1 0 |a Trendy v technologických otázkách získavání stopových a vzácných prvků  |b Materiály 31  |c Jan Trebichavský, Václav Zedník 
250 |a 1. vyd. 
264 1 |a Praha  |b Ústředí vědeckých, technických a ekonomických informací  |c 1989 
300 |a 98 s.